000 00829nam a2200229Ii 4500
003 JO-AjNU
008 230605s9999||||xx |||||||||||||| ||und||
017 _a16971
020 _a978-977-308-588-9
040 _aJO-AjNU
_bara
_erda
_cJO-AjNU
041 _aara
050 1 4 _aRJ506.A9.S537.2019
100 3 _a الشرقاوي، محمود عبدالرحمن,
_eauthor
_961908
245 0 0 _aالتوحد ووسائل علاجه
250 _aالطبعة الاولى
264 3 1 _aدسوق: دار العلم والايمان للنشر والتوزيع، 2019
300 _a347ص
_b ويحتوي على قائمة مراجع من ص317-ص347
336 _atext
_btxt
_2rdacontent
337 _aunmediated
_bn
_2rdamedia
338 _avolume
_bnc
_2rdacarrier
650 4 _aالتوحد-اطفال-علم النفس
_961909
999 _aA28007
_c31575
_d31575